<?xml version="1.0" encoding="UTF-8"?>
<collection xmlns="http://www.loc.gov/MARC21/slim">
 <record>
  <leader>01284cam a22002892 a4500</leader>
  <controlfield tag="001">1099528372</controlfield>
  <controlfield tag="003">DE-627</controlfield>
  <controlfield tag="005">20220515095225.0</controlfield>
  <controlfield tag="007">tu</controlfield>
  <controlfield tag="008">920818n19uuuuuuxx |||||      00| ||eng c</controlfield>
  <datafield tag="035" ind1=" " ind2=" ">
   <subfield code="a">(DE-627)1099528372</subfield>
  </datafield>
  <datafield tag="035" ind1=" " ind2=" ">
   <subfield code="a">(DE-576)029528372</subfield>
  </datafield>
  <datafield tag="035" ind1=" " ind2=" ">
   <subfield code="a">(DE-599)BSZ029528372</subfield>
  </datafield>
  <datafield tag="040" ind1=" " ind2=" ">
   <subfield code="a">DE-627</subfield>
   <subfield code="b">ger</subfield>
   <subfield code="c">DE-627</subfield>
   <subfield code="e">rakwb</subfield>
  </datafield>
  <datafield tag="041" ind1=" " ind2=" ">
   <subfield code="a">eng</subfield>
   <subfield code="a">fre</subfield>
  </datafield>
  <datafield tag="084" ind1=" " ind2=" ">
   <subfield code="a">9,10</subfield>
   <subfield code="2">ssgn</subfield>
  </datafield>
  <datafield tag="100" ind1="1" ind2=" ">
   <subfield code="a">Dubourg-Noves, Pierre</subfield>
   <subfield code="0">(DE-627)1230790454</subfield>
   <subfield code="0">(DE-576)16079045X</subfield>
   <subfield code="4">aut</subfield>
  </datafield>
  <datafield tag="245" ind1="1" ind2="0">
   <subfield code="a">Iconographie de la cathédrale d'Angoulême de 1575 à 1880</subfield>
   <subfield code="c">Pierre Dubourg-Noves. Préf. de Marcel Durliat. Trad. anglaise de Michae͏̈l Gervers</subfield>
  </datafield>
  <datafield tag="264" ind1=" " ind2="1">
   <subfield code="a">Angoulême</subfield>
   <subfield code="b">Société Archéologique et Historique de la Charente</subfield>
   <subfield code="c">19XX-</subfield>
  </datafield>
  <datafield tag="336" ind1=" " ind2=" ">
   <subfield code="a">Text</subfield>
   <subfield code="b">txt</subfield>
   <subfield code="2">rdacontent</subfield>
  </datafield>
  <datafield tag="337" ind1=" " ind2=" ">
   <subfield code="a">ohne Hilfsmittel zu benutzen</subfield>
   <subfield code="b">n</subfield>
   <subfield code="2">rdamedia</subfield>
  </datafield>
  <datafield tag="338" ind1=" " ind2=" ">
   <subfield code="a">Band</subfield>
   <subfield code="b">nc</subfield>
   <subfield code="2">rdacarrier</subfield>
  </datafield>
  <datafield tag="500" ind1=" " ind2=" ">
   <subfield code="a">Parallelsacht.: Pictorial history of the Cathedral of Angoulême. - Text franz. u. engl</subfield>
  </datafield>
  <datafield tag="787" ind1="0" ind2="8">
   <subfield code="i">Rezensiert in</subfield>
   <subfield code="a">Barral i Altet, Xavier, 1947 - </subfield>
   <subfield code="t">[Rezension von: Pierre Dubourg-Noves, Iconographie de la cathédrale d'Angoulême de 1575 à 1880]</subfield>
   <subfield code="d">München : Artemis Verlag, 1979</subfield>
   <subfield code="w">(DE-627)1578437288</subfield>
   <subfield code="w">(DE-576)508437288</subfield>
  </datafield>
  <datafield tag="951" ind1=" " ind2=" ">
   <subfield code="a">MC</subfield>
  </datafield>
  <datafield tag="991" ind1=" " ind2=" ">
   <subfield code="a">Rezensiertes Werk</subfield>
  </datafield>
  <datafield tag="999" ind1=" " ind2=" ">
   <subfield code="a">KXP-PPN1099528372</subfield>
   <subfield code="e">4485812367</subfield>
  </datafield>
 </record>
</collection>
